| Tag |
First Indicator |
Second Indicator |
Subfields |
| LEADER |
00000cam a2200000 4500 |
| 001 |
in00003870921 |
| 005 |
20190415192040.0 |
| 006 |
m o d |
| 007 |
cr |n||||||||n |
| 008 |
791208s1752 enk|||| o 00||||eng c |
| 035 |
|
|
|a (CU-RivES)T73969
|
| 035 |
|
|
|a (Uk-ES)006344921
|
| 035 |
|
|
|a (OCoLC)508752596
|
| 040 |
|
|
|a Uk-ES
|c Uk-ES
|d CU-RivES
|d CStRLIN
|d Cengage Gale
|d UtOrBLW
|
| 100 |
1 |
|
|a Synge, Edward,
|d 1659-1741.
|0 http://id.loc.gov/authorities/names/n85114979
|
| 245 |
1 |
3 |
|a An answer to all the excuses and pretences, which men ordinarily make for their not coming to the Holy Communion :
|b To which is added, a brief account of the end and design of the Holy Communion, the obligation to receive it, the way to prepare for it, and the behaviour of ourselves both at and after it. With prayers and meditations suitable to the occasion. Fitted for the meanest capacities, and very proper to be given away by such as are charitably inclined. By the Most Reverend Dr. Edward Synge, late lord archbishop of Tuam in Ireland.
|
| 250 |
|
|
|a The twenty-first edition, carefully corrected.
|
| 264 |
|
1 |
|a London :
|b Printed for Thomas Trye, near Gray's Inn Gate in Holbourn,
|c MDCCLII. [1752]
|
| 300 |
|
|
|a 1 online resource (48 pages)
|
| 336 |
|
|
|a text
|b txt
|2 rdacontent
|
| 337 |
|
|
|a computer
|b c
|2 rdamedia
|
| 338 |
|
|
|a online resource
|b cr
|2 rdacarrier
|
| 500 |
|
|
|a In: 'The works of the Most Reverend Dr. Edward Synge' volume1, London, 1744.
|
| 500 |
|
|
|a Price in square brackets: (Price 3d. or 100 Books for 20 Shillings.)
|
| 510 |
4 |
|
|a English Short Title Catalog,
|c T73969.
|
| 500 |
|
|
|a Reproduction of original from British Library.
|
| 500 |
|
|
|a Electronic resource.
|
| 650 |
|
0 |
|a Lord's Supper
|v Early works to 1800.
|0 http://id.loc.gov/authorities/subjects/sh85078368
|
| 655 |
|
7 |
|a Electronic books.
|2 local
|
| 710 |
2 |
|
|a Gale (Firm)
|0 http://id.loc.gov/authorities/names/no2008071348
|
| 752 |
|
|
|a Great Britain
|b England
|d London.
|
| 856 |
4 |
0 |
|u http://proxy.library.tamu.edu/login?url=http://find.galegroup.com/ecco/infomark.do?contentSet=ECCOArticles&docType=ECCOArticles&bookId=1505300200&type=getFullCitation&tabID=T001&prodId=ECCO&docLevel=TEXT_GRAPHICS&version=1.0&source=library&userGroupName=txshracd2898
|z Connect to the full text of this electronic book
|t 0
|
| 999 |
f |
f |
|s c3a0c167-c792-3295-b660-7b8a0ee7bdb8
|i d7fa9397-3c3a-39ea-bd6b-96e88b656e01
|t 0
|
| 952 |
f |
f |
|a Texas A&M University
|b College Station
|c Electronic Resources
|d Available Online
|t 0
|h No information provided
|
| 998 |
f |
f |
|t 0
|l Available Online
|